<?xml version="1.0" encoding="UTF-8"?><?xml-stylesheet type="text/xsl" href="static/style.xsl"?><OAI-PMH xmlns="http://www.openarchives.org/OAI/2.0/" xmlns:xsi="http://www.w3.org/2001/XMLSchema-instance" xsi:schemaLocation="http://www.openarchives.org/OAI/2.0/ http://www.openarchives.org/OAI/2.0/OAI-PMH.xsd"><responseDate>2026-04-17T17:47:09Z</responseDate><request verb="GetRecord" identifier="oai:www.recercat.cat:10459.1/64026" metadataPrefix="marc">https://recercat.cat/oai/request</request><GetRecord><record><header><identifier>oai:recercat.cat:10459.1/64026</identifier><datestamp>2024-12-05T21:35:59Z</datestamp><setSpec>com_2072_3622</setSpec><setSpec>col_2072_479130</setSpec></header><metadata><record xmlns="http://www.loc.gov/MARC21/slim" xmlns:dcterms="http://purl.org/dc/terms/" xmlns:xsi="http://www.w3.org/2001/XMLSchema-instance" xmlns:doc="http://www.lyncode.com/xoai" xsi:schemaLocation="http://www.loc.gov/MARC21/slim http://www.loc.gov/standards/marcxml/schema/MARC21slim.xsd">
   <leader>00925njm 22002777a 4500</leader>
   <datafield ind2=" " ind1=" " tag="042">
      <subfield code="a">dc</subfield>
   </datafield>
   <datafield ind2=" " ind1=" " tag="720">
      <subfield code="a">Cos Sánchez, Pilar</subfield>
      <subfield code="e">author</subfield>
   </datafield>
   <datafield ind2=" " ind1=" " tag="260">
      <subfield code="c">2013-03-11T14:10:23Z</subfield>
   </datafield>
   <datafield ind2=" " ind1=" " tag="260">
      <subfield code="c">2013-12-15T06:45:06Z</subfield>
   </datafield>
   <datafield ind2=" " ind1=" " tag="260">
      <subfield code="c">2012-12-14</subfield>
   </datafield>
   <datafield ind2=" " ind1=" " tag="520">
      <subfield code="a">En la presente tesis se analiza el comportamiento exportador de la empresa española y de la&#xd;
industria exportadora catalana en particular, acotando el amplio espectro del análisis de la&#xd;
internacionalización de las organizaciones y focalizando nuestro estudio en un ámbito específico&#xd;
que nos ha permitido profundizar en el mismo. De esta forma, en primer lugar se determinan los&#xd;
factores y el proceso que, según la literatura existente y tras un análisis del comercio&#xd;
internacional de Cataluña, influyen en las empresas en la selección de mercados exteriores, como&#xd;
decisión de vital importancia en su internacionalización. Y, en segundo lugar, sobre la base de un&#xd;
marco teórico y de la revisión de trabajos empíricos, se realiza un análisis de la muestra de la&#xd;
ESEE correspondiente a las industrias catalanas exportadoras, con el fin de identificar las&#xd;
características específicas de la empresa y los factores del marketing y del mercado que se&#xd;
asocian a una mayor diversificación geográfica de las ventas exteriores, para concluir con el&#xd;
estudio de su influencia sobre el éxito exportador.</subfield>
   </datafield>
   <datafield ind2=" " ind1=" " tag="520">
      <subfield code="a">En aquesta tesi s’analitza el comportament exportador de l’empresa espanyola i de la indústria&#xd;
exportadora catalana en particular, acotant l’ampli espectre de l’anàlisi de la internacionalització&#xd;
de les organitzacions i focalitzant el nostre estudi en un àmbit específic que ens ha permès&#xd;
aprofundir-hi. D’aquesta manera, en primer lloc es determinen els factors i el procés que, segons&#xd;
la literatura existent i després d’una anàlisi del comerç internacional de Catalunya, influeixen en&#xd;
les empreses en la selecció de mercats exteriors, com a decisió de vital importància en la seva&#xd;
internacionalització. I, en segon lloc, sobre la base d’un marc teòric i de la revisió de treballs&#xd;
empírics, es realitza una anàlisi de la mostra de l’ESEE corresponent a les indústries catalanes&#xd;
exportadores, amb la finalitat d’identificar les característiques específiques de l’empresa i els&#xd;
factors del màrqueting i del mercat que s’associen a una major diversificació geogràfica de les&#xd;
vendes exteriors, per concloure amb l’estudi de la seva influència sobre l’èxit exportador.</subfield>
   </datafield>
   <datafield ind2=" " ind1=" " tag="520">
      <subfield code="a">This thesis analyses the exporting behaviour of Spanish companies and the Catalan export&#xd;
industry in particular, limiting the vast analysis spectrum of the internationalisation of&#xd;
organizations and focusing our study in a particular area that has allowed us to delve deeper into&#xd;
it. Thus, we first determine the factors and process that, according to existing literature and after&#xd;
an analysis of international trade in Catalonia, influence enterprises in the international market&#xd;
selection, as a vital decision in its internationalisation. And, secondly, on the basis of a theoretical&#xd;
context and the review of empirical works, we carry out an analysis of the sample of the ESEE&#xd;
corresponding to Catalan export industries, in order to identify the specific characteristics of the&#xd;
company and the marketing and market factors which are associated with a greater international&#xd;
diversification, concluding with a study of their influence on export success.</subfield>
   </datafield>
   <datafield ind1="8" ind2=" " tag="024">
      <subfield code="a">http://hdl.handle.net/10459.1/64026</subfield>
   </datafield>
   <datafield tag="653" ind2=" " ind1=" ">
      <subfield code="a">Selección mercados exteriores</subfield>
   </datafield>
   <datafield tag="653" ind2=" " ind1=" ">
      <subfield code="a">Estrategia de expansión internacional</subfield>
   </datafield>
   <datafield tag="653" ind2=" " ind1=" ">
      <subfield code="a">Internacionalización</subfield>
   </datafield>
   <datafield tag="653" ind2=" " ind1=" ">
      <subfield code="a">Selecció mercats exteriors</subfield>
   </datafield>
   <datafield tag="653" ind2=" " ind1=" ">
      <subfield code="a">Estrategia d'expansió internacional</subfield>
   </datafield>
   <datafield tag="653" ind2=" " ind1=" ">
      <subfield code="a">Internacionalització</subfield>
   </datafield>
   <datafield tag="653" ind2=" " ind1=" ">
      <subfield code="a">International market selection</subfield>
   </datafield>
   <datafield tag="653" ind2=" " ind1=" ">
      <subfield code="a">Export market expansion strategy</subfield>
   </datafield>
   <datafield tag="653" ind2=" " ind1=" ">
      <subfield code="a">Internationalization</subfield>
   </datafield>
   <datafield tag="653" ind2=" " ind1=" ">
      <subfield code="a">Comercialització i Investigació de Mercats</subfield>
   </datafield>
   <datafield tag="653" ind2=" " ind1=" ">
      <subfield code="a">339</subfield>
   </datafield>
   <datafield ind2="0" ind1="0" tag="245">
      <subfield code="a">La selección y expansión de mercados exteriores en la internacionalización de las empresas catalanas: un análisis empírico</subfield>
   </datafield>
</record></metadata></record></GetRecord></OAI-PMH>